Datum a čas kvízu

23 Celkem bodů Celkový počet nahraných bodů na tomto kvízu bez doplňovacích otázek.
11. Pořadí na kvízu Konečné umístění týmu na tomto kvízu.

Zaznamenané odpovědi

# Otázka Odpověď Body Výsledky
1. Jak se jmenuje tato 26letá mod... Veronika „Veve“ Přikrylová 0
2. Příznivci alternativního divad... C) automobily, autobusy a bagry 0
3. Minulý týden bylo odtajněno po... Libor Bouček; Žolík 1
4. Vedení McDonald's v jedné zemi... Japonsko; Pokémon 1
5. Vítěz aktuálního ročníku Ligy... Paris Saint-Germain FC; Gianluigi Donnarumma 1
6. Hned v první otázce se zaměřím... 1C 2B 3A 4D 0
7. Jedním ze specifik prezidentsk... A 0
8. Který z těchto výroků o prezid... B 0
9. NW Präsident byl v roce 1897 p... Tatra, Kopřivnice 0.5
10. Která zpěvačka nahrála skladbu... Pink 0